000 004370000a22001810004500
003 LK-CoMWRAF
008 230817t ||||| |||| 00| 0 eng d
040 _aLK-CoMWRAF
_dLK-CoMWRAF
_eLK-CoMWRAF
041 _aeng
082 _a400
_bRAT
100 _aRathakrishnan, K.S
245 _aUrimaiku kural koduporm
_b
260 _aMadras
_bNakeeran pathipakam
_c1995
300 _ap.265
650 _aIndia
650 _aTamil
942 _cBK
999 _c2859
_d2859